000 00693nam a22001937a 4500
999 _c179927
_d179927
005 20210716152031.0
010 _aUR-11149
020 _c500.00
_a9789390533589
035 _aU-9704
037 _bDBAD/PUB
082 _a844.8
100 _aا نو ر بھد ر کی
245 _aخا لد ر حيم :شخصيت ا و ر ا د بی خد ما ت
_cا نو ر بھد ر کی
246 _aKhalid Raheem :Shakhsiyat Aur Adabi Khidmat (Urdu)
_bby Anwar Bhadraki
260 _aN.Delhi
_c2020 ء
_bEducational Publishing House
270 _aH.O.D1/16,Ansari Road,Darya Ganj,
_bNew Delhi
_e110002
_l-
300 _a528 ص
_c22 Cm(Hb)
942 _2ddc
_cUR
_h844.8
_eا ن و